¿Que es el partido?

Bibliographic Details
Main Author: Bugaev, E.
Format: Section = Libro
Language:Undetermined
Spanish
Published: URSS Progreso 1987
Subjects:
LEADER 00399nam a2200169Ia 4500
008 240830s9999 xx 000 0 und d
040 |a B-ESTELÍ- RUACS / 324.2 B931 
041 |a spa 
082 |a 324.2 B931 
100 1 |a Bugaev, E. 
245 1 0 |a ¿Que es el partido? 
260 |a URSS  |b Progreso  |c 1987 
300 |a 270 p 
650 7 |a CIENCIAS POLITICAS 
942 |c BK  |2 ddc 
991 |a TEXTO 
999 |c 10710